[Event "Blanes op 4th"]
[Site "Blanes"]
[Date "2024.04.20"]
[Round "1"]
[White "Rex, Torsten Claus"]
[Black "El Ouahi Meziani, Mohamed"]
[Result "1-0"]
[WhiteElo "1933"]
[BlackElo "1692"]
[PlyCount "103"]
[EventDate "2024.04.20"]
[EventType "swiss"]
[EventRounds "8"]
[EventCountry "ESP"]
[SourceTitle "EXT 2025"]
[Source "ChessBase"]
[SourceDate "2024.10.14"]
[SourceVersion "1"]
[SourceVersionDate "2024.10.14"]
[SourceQuality "1"]

1. Nf3 Nf6 2. g3 e6 3. Bg2 Nc6 4. d4 Be7 5. 0-0 0-0 6. c4 d5 7. Nbd2 b6 8. b3 Bb7 9. Bb2 Re8 10. a3 Nb8 11. Qc2 c5 12. e3 Nbd7 13. Rac1 Rc8 14. Qb1 Nf8 15. Rfd1 Ng6 16. Ne5 Nxe5 17. dxe5 Nd7 18. cxd5 exd5 19. Nf1 Nf8 20. Bxd5 Bxd5 21. e4 Bxe4 22. Qxe4 Qc7 23. Ne3 Bg5 24. f4 Be7 25. h4 Ne6 26. f5 Nd8 27. Nd5 Qb7 28. Qg4 Kh8 29. Nxe7 Qxe7 30. f6 gxf6 31. Qxc8 Ne6 32. Qd7 Qf8 33. Qd3 fxe5 34. Bxe5+ Kg8 35. Qf5 Qh6 36. Qg4+ Ng7 37. Qxg7+ Qxg7 38. Bxg7 Kxg7 39. Re1 Rd8 40. Rcd1 Rc8 41. Re7 a5 42. Rdd7 Rf8 43. Rb7 Kf6 44. Rec7 Ke5 45. Rxb6 Kd5 46. Rb5 Kd4 47. Rcxc5 Rg8 48. Kg2 Re8 49. Rxa5 Ke3 50. b4 f6 51. Rf5 Re6 52. Rf3+ 1-0

[Event "Maresme op 15th"]
[Site "Maresme"]
[Date "2018.11.03"]
[Round "5"]
[White "Esteban Lupianez, Jose Miguel"]
[Black "El Ouahi Meziani, Mohamed"]
[Result "1-0"]
[WhiteElo "1760"]
[BlackElo "1505"]
[PlyCount "89"]
[EventDate "2018.09.29"]
[EventType "swiss"]
[EventRounds "9"]
[EventCountry "ESP"]
[SourceTitle "EXT 2024"]
[Source "ChessBase"]
[SourceDate "2023.10.10"]
[SourceVersion "1"]
[SourceVersionDate "2023.10.10"]
[SourceQuality "1"]

1. d4 d5 2. Bf4 Nf6 3. Nd2 e6 4. c3 Be7 5. Ngf3 Nc6 6. h3 h6 7. e3 a6 8. Bd3 Bd6 9. Ne5 Nxe5 10. dxe5 Ne4 11. exd6 Nxd6 12. 0-0 Bd7 13. Be5 Qg5 14. Nf3 Qe7 15. a4 0-0-0 16. Qe2 f6 17. Bh2 Kb8 18. b4 e5 19. Nh4 Qe6 20. g4 g5 21. Nf5 e4 22. Bxa6 bxa6 23. Nxd6 cxd6 24. Qxa6 Bc8 25. Qb5+ Bb7 26. a5 Qd7 27. Qb6 Qc7 28. Qd4 Ba6 29. b5 Bxb5 30. Rfb1 Qc6 31. Qxf6 Ka7 32. Qd4+ Ka6 33. Rb4 Qc5 34. Rab1 Bc4 35. Rb6+ Ka7 36. Bxd6 Qxd4 37. cxd4 Rh7 38. Bc5 Ka8 39. a6 h5 40. Rb7 Rh6 41. a7 Rhh8 42. Rb8+ Rxb8 43. Rxb8+ Rxb8 44. axb8Q+ Kxb8 45. gxh5 1-0

[Event "Maresme op 15th"]
[Site "Maresme"]
[Date "2018.10.06"]
[Round "2"]
[White "Goloubev Goloubeva, Maria"]
[Black "El Ouahi Meziani, Mohamed"]
[Result "0-1"]
[WhiteElo "1679"]
[BlackElo "1505"]
[PlyCount "100"]
[EventDate "2018.09.29"]
[EventType "swiss"]
[EventRounds "9"]
[EventCountry "ESP"]
[SourceTitle "EXT 2020"]
[Source "ChessBase"]
[SourceDate "2019.10.17"]
[SourceVersion "1"]
[SourceVersionDate "2019.10.17"]
[SourceQuality "1"]

1. c4 e5 2. g3 Nf6 3. Bg2 Be7 4. e3 0-0 5. Ne2 c6 6. Nbc3 d6 7. d3 Nbd7 8. 0-0 Ne8 9. e4 Nc5 10. b4 Ne6 11. Be3 N8c7 12. a3 Bf6 13. d4 exd4 14. Nxd4 Nxd4 15. Bxd4 Ne6 16. Bxf6 Qxf6 17. Qf3 Qxf3 18. Bxf3 Nd4 19. Bg2 Be6 20. Rfd1 c5 21. Nd5 Bxd5 22. exd5 b6 23. b5 Rae8 24. a4 Re2 25. Bf1 Rb2 26. Rab1 Rxb1 27. Rxb1 Re8 28. Kg2 f5 29. a5 Kf7 30. axb6 axb6 31. Ra1 Kf6 32. Ra6 Rb8 33. Ra7 f4 34. gxf4 h6 35. Rd7 Nf5 36. Bd3 g5 37. Bxf5 Kxf5 38. fxg5 hxg5 39. Rxd6 Ke5 40. Rc6 Kd4 41. d6 Kxc4 42. d7 Rd8 43. Rxb6 Rxd7 44. Rg6 Kxb5 45. Rxg5 Kb4 46. h4 c4 47. h5 c3 48. h6 c2 49. Rg7 c1Q 50. Rxd7 Qc6+ 0-1

[Event "Maresme op 15th"]
[Site "Maresme"]
[Date "2018.09.29"]
[Round "1"]
[White "El Ouahi Meziani, Mohamed"]
[Black "Roig Ruiz, Carles"]
[Result "0-1"]
[WhiteElo "1505"]
[BlackElo "1789"]
[PlyCount "60"]
[EventDate "2018.09.29"]
[EventType "swiss"]
[EventRounds "9"]
[EventCountry "ESP"]
[SourceTitle "EXT 2020"]
[Source "ChessBase"]
[SourceDate "2019.10.17"]
[SourceVersion "1"]
[SourceVersionDate "2019.10.17"]
[SourceQuality "1"]

1. e4 e5 2. Nf3 d6 3. Be2 Nf6 4. d3 Be7 5. c3 0-0 6. 0-0 b6 7. Nbd2 Bb7 8. h3 Nbd7 9. Nb3 Re8 10. Nh2 Bf8 11. f4 exf4 12. Bxf4 d5 13. exd5 Nxd5 14. Bd2 Ne3 15. Bxe3 Rxe3 16. Bf3 Bxf3 17. Nxf3 Nf6 18. d4 Qd5 19. Re1 Rae8 20. Qd2 Rxe1+ 21. Rxe1 Ne4 22. Qd3 f5 23. Re2 a5 24. c4 Qd6 25. Nbd2 Nc5 26. Qxf5 Rxe2 27. dxc5 Qxc5+ 28. Qxc5 Bxc5+ 29. Kh1 Bb4 30. Nd4 Rxd2 0-1